|
|
|
|
| LEADER |
00000naa a2200000 ar4500 |
| 001 |
vtls009277485 |
| 003 |
SK-MaSNL |
| 005 |
20260302100153.0 |
| 008 |
080319c2004 xo zr|p|||||||000 b|slo |
| 015 |
|
|
|a SNBRA2008/03
|2 snkbucl
|
| 038 |
|
|
|a SNKBUCL
|
| 040 |
|
|
|a SNKBUCL
|b slo
|c SNKBUCL
|e AACR2
|
| 041 |
0 |
|
|a slo
|b eng
|
| 044 |
|
|
|a xo
|c SK
|
| 080 |
|
|
|a 656.62:351.813:621.396.969.3
|2 2001
|
| 080 |
|
|
|a 351.813
|2 2001
|
| 080 |
|
|
|a 621.396.969.3
|2 2001
|
| 080 |
|
|
|a 004.78
|2 2001
|
| 100 |
1 |
|
|a Luchava, Andrej
|4 aut
|9 770349
|
| 245 |
1 |
0 |
|a Automatický identifikačný systém vo vnútrozemskej plavbe
|c Andrej Luchava, Martin Šmehýl
|
| 300 |
|
|
|b Sch.
|
| 504 |
|
|
|a Res. angl.
|
| 546 |
|
|
|a Bibliogr. odkazy
|
| 650 |
0 |
7 |
|a vnútrozemská vodná doprava
|2 snkbucl
|9 70127
|
| 650 |
0 |
7 |
|a služby lodnej prevádzky
|2 snkbucl
|9 770350
|
| 650 |
0 |
7 |
|a automatické identifikačné systémy
|2 snkbucl
|9 770351
|
| 700 |
1 |
|
|a Šmehýl, Martin
|4 aut
|9 770352
|
| 773 |
0 |
|
|t Práce a štúdie Fakulty prevádzky a ekonomiky dopravy a spojov Žilinskej univerzity v Žiline 22
|d Žilina : Edis, 2004
|g S. 197-200
|z 8080703248
|
| 852 |
|
|
|a SNK
|b KIS3GCP
|
| 958 |
|
|
|a NB
|
| 999 |
|
|
|c 1219421
|d 1221351
|